| 000 | 00478nam a22001817a 4500 | ||
|---|---|---|---|
| 003 | OSt | ||
| 005 | 20180116183105.0 | ||
| 008 | 170731b xxu||||| |||| 00| 0 eng d | ||
| 020 | _a9789332579422 | ||
| 040 | _c0 | ||
| 082 | _a658.5 TAY 2017 | ||
| 100 | _aBernard W. Taylor | ||
| 245 |
_aIntroduction to Management Science _cBernard W. Taylor |
||
| 260 |
_aIndia _bPearson _c2017 |
||
| 300 |
_a858p. _bpb |
||
| 440 | _aIntroduction to Management Science | ||
| 942 |
_2ddc _cBK |
||
| 999 |
_c352033 _d352033 |
||